Polymery : Výroba, vlastnosti, zpracování, použití

Gespeichert in:
Bibliographische Detailangaben
1. Verfasser: Ducháček, Vratislav (Verfasst von)
Format: Buch
Sprache:Tschechisch
Veröffentlicht: Praha : Vysoká škola chemicko-technologická v Praze, 2006
Ausgabe:2. přepr. vyd
Schlagworte:
Online-Zugang:OBSAH
Tags: Tag hinzufügen
Keine Tags, Fügen Sie das erste Tag hinzu!

MARC

LEADER 00000nam a22000003a 4500
001 stu149686
005 20150617225945.6
008 071119s2006----xr------------------cze-d
020 |a 80-7080-617-6 
040 |a STU  |b slo 
041 0 |a cze 
044 |a xr 
080 |a 541.6 
080 |a 675.043.8  |7 stu_us_auth*stu8436 
100 1 |a Ducháček, Vratislav  |4 aut 
245 1 |a Polymery :  |b Výroba, vlastnosti, zpracování, použití 
250 |a 2. přepr. vyd 
260 |a Praha :  |b Vysoká škola chemicko-technologická v Praze,  |c 2006 
300 |a 278 s 
650 7 |a polyméry  |2 stusub 
856 4 |a https://sweb.mtf.stuba.sk/obsahy/polymery_vyroba_vlastnosti_zpracovani_pouziti_06.pdf  |u https://sweb.mtf.stuba.sk/obsahy/polymery_vyroba_vlastnosti_zpracovani_pouziti_06.pdf  |3 OBSAH 
996 |b 284M066832  |c M*S-1385-3  |l MMKN  |s A  |a 24  |w stu149686_0001 
996 |b 284M066833  |c M*S-1385-2  |l MMKN  |s A  |a 24  |w stu149686_0002 
996 |b 284M066757  |c M*S-1385-1  |l MMKN  |s A  |a 24  |w stu149686_0003